AUTOMOBILE STEERING AND SUSPENSION QUESTION AND ANSWER (Record no. 582073)
[ view plain ]
| 000 -LEADER | |
|---|---|
| fixed length control field | 00320nam a22001217a 4500 |
| 020 ## - INTERNATIONAL STANDARD BOOK NUMBER | |
| International Standard Book Number | 0-408-00257-3 |
| 082 ## - DEWEY DECIMAL CLASSIFICATION NUMBER | |
| Classification number | 629.247 HAR'A |
| 100 ## - MAIN ENTRY--PERSONAL NAME | |
| Personal name | HARTLEY, JOHN.R |
| 9 (RLIN) | 76734 |
| 245 ## - TITLE STATEMENT | |
| Title | AUTOMOBILE STEERING AND SUSPENSION QUESTION AND ANSWER |
| 260 ## - PUBLICATION, DISTRIBUTION, ETC. | |
| Place of publication, distribution, etc. | USA |
| Name of publisher, distributor, etc. | NEWNESS TECHNICAL BOOKS |
| Date of publication, distribution, etc. | 1977 |
| 300 ## - PHYSICAL DESCRIPTION | |
| Extent | V,120P |
| 942 ## - ADDED ENTRY ELEMENTS (KOHA) | |
| Koha item type | Book |
| Withdrawn status | Lost status | Damaged status | Not for loan | Permanent Location | Current Location | Shelving location | Date acquired | Total Checkouts | Full call number | Barcode | Date last seen | Price effective from | Koha item type |
|---|---|---|---|---|---|---|---|---|---|---|---|---|---|
| College of Electrical & Mechanical Engineering (CEME) | College of Electrical & Mechanical Engineering (CEME) | General Stacks | 06/01/2017 | 629.247 HAR'A | CEME-10494 | 06/28/2021 | 06/28/2021 | Book |
